Química inorgánica
Salvato in:
| Autore principale: | |
|---|---|
| Natura: | Libro |
| Lingua: | spagnolo |
| Pubblicazione: |
Barcelona
Reverté
1993
|
| Soggetti: | |
| Tags: |
Aggiungi Tag
Nessun Tag, puoi essere il primo ad aggiungerne!!
|
MARC
| LEADER | 00000nam a2200000 a 4500 | ||
|---|---|---|---|
| 001 | UCG4447 | ||
| 003 | CL-VaPUC | ||
| 008 | 101104e19930000SP |||||||||||||||||spa|d | ||
| 020 | |a 9788429175011 | ||
| 082 | 0 | 4 | |a 546 |b SHA |2 21 |
| 100 | 0 | |a Sharpe, Alan G |e author |9 553730 | |
| 245 | 1 | 0 | |a Química inorgánica |
| 300 | |a 784 p | ||
| 942 | |c BK | ||
| 945 | |d 20101104 00:00:00 |a mfarfan | ||
| 260 | |a Barcelona |b Reverté |c 1993 | ||
| 650 | 0 | |a Química inorgánica |9 260154 | |
| 650 | 0 | |a Núcleos atómicos |9 357366 | |
| 650 | 0 | |a Reacciones químicas |9 259438 | |
| 650 | 0 | |a Teoría cuántica |9 266148 | |
| 650 | 0 | |a Moléculas |9 259584 | |
| 650 | 7 | |a TEORIA ATOMICA |2 CL-VaPUC |9 313933 | |
| 650 | 7 | |a HALOGENOS |2 CL-VaPUC |9 360916 | |
| 650 | 0 | |a Átomos |9 259583 | |
| 650 | 0 | |a Composición de la materia |9 266564 | |
| 583 | |a last modification |c 20101104 00:00:00 |k Rodrigo Vera | ||
| 999 | |c 343153 |d 343151 | ||
| 952 | |0 0 |1 0 |4 0 |6 546_000000000000000_SHA_1993 |7 0 |8 A |9 440201 |a BIBCUR |b BIBCUR |d 2019-11-22 |i 4730232 |o 546 SHA 1993 |p 4730232 |r 2025-04-22 |w 2019-11-22 |y BK |k QUI | ||
| 952 | |0 0 |1 0 |4 0 |6 546_000000000000000_SHA_1993 |7 0 |8 A |9 440202 |a BIBCUR |b BIBCUR |d 2019-11-22 |i 4730240 |o 546 SHA 1993 |p 4730240 |r 2025-04-22 |w 2019-11-22 |y BK |k QUI | ||
| 952 | |0 0 |1 0 |4 0 |6 546_000000000000000_SHA_1993 |7 0 |8 A |9 440203 |a BIBCUR |b BIBCUR |d 2019-11-22 |i 4730259 |o 546 SHA 1993 |p 4730259 |r 2025-04-22 |w 2019-11-22 |y BK |k QUI | ||